Evolution a long terme des dépenses de santé en France: incidences macro et microéconomiques.

Štúdia a dlhodobom vývoji výdavkov na francúzske zdravotníctvo a o ich makroekonomickom dopade. Mikroekonomické determinanty výdavkov na zdravotníctvo. Veľká spotreba liekov a ich krytie systémom poistenia. Dopyt po zdravotníckych potrebách a lekárske služby vyvolané ponukou. Aktivita zdravotníctva...

Description complète

Enregistré dans:
Détails bibliographiques
Format: Chapitre de livre
Langue:français
Sujets:
Tags: Ajouter un tag
Pas de tags, Soyez le premier à ajouter un tag!

MARC

LEADER 00000naa a2200000 4500
001 r010581
005 20220913124347.0
041 0 |a fre 
044 |a FR 
245 1 0 |a Evolution a long terme des dépenses de santé en France: incidences macro et microéconomiques. 
520 |a Štúdia a dlhodobom vývoji výdavkov na francúzske zdravotníctvo a o ich makroekonomickom dopade. Mikroekonomické determinanty výdavkov na zdravotníctvo. Veľká spotreba liekov a ich krytie systémom poistenia. Dopyt po zdravotníckych potrebách a lekárske služby vyvolané ponukou. Aktivita zdravotníctva v národnej ekonomike. (Etude realisée par l'INSEE et la Direction de la Prévision pour le Sénat, 14.5.1992.). 
610 2 0 |a zdravotníctvo 
610 2 0 |a Francúzsko 
610 2 0 |a výdavky 
610 2 0 |a výdavky rozpočtu štátneho 
610 2 0 |a poistenie nemocenské 
610 2 0 |a liečivá 
610 2 0 |a ponuka 
610 2 0 |a dopyt 
610 2 0 |a služby 
610 2 0 |a 2010